| 000 | 00894nam a22002417i 4500 | ||
|---|---|---|---|
| 005 | 20210818182107.0 | ||
| 008 | 181203s2003 ck gr 000 jdspa d | ||
| 040 |
_aCOMFC _bspa _erda |
||
| 100 | 1 |
_953621 _aArias Escudero, Francisco Gilberto _cPbro. _eaut |
|
| 245 | 1 | 0 |
_aTras las huellas de satán _bun acercamiento bíblico - teológico _cPbro. Francisco Gilberto Arias Escudero |
| 264 | 0 | 1 |
_aPereira _bLitografía Moderna Digital _c2003 |
| 300 | _a145 páginas | ||
| 336 |
_2rdacontent _atxt |
||
| 337 |
_2rdamedia _an |
||
| 338 |
_2rdacarrier _anc |
||
| 500 | _aIncluye datos biográficos del autor | ||
| 504 | _aIncluye bibliografía | ||
| 082 | 0 | 4 |
_a235.47 _bA696t |
| 650 | 0 |
_953622 _aSatán en el Antiguo Testamento |
|
| 650 | 0 |
_953623 _aSatán en el Nuevo Testamento |
|
| 650 | 0 |
_953624 _aSatán en la Tradición |
|
| 942 |
_2ddc _h235.47 A696t _k235.47 _mA696t |
||
| 999 |
_c14236 _d14236 |
||